[Event "Wch U12 Girls blitz"]
[Site "Batumi"]
[Date "2023.06.10"]
[Round "3"]
[White "Aydogan, Arya"]
[Black "Akbari, Rosha"]
[Result "0-1"]
[WhiteElo "1452"]
[BlackElo "1696"]
[PlyCount "136"]
[EventDate "2023.06.10"]
[EventType "swiss (blitz)"]
[EventRounds "11"]
[EventCountry "GEO"]
[SourceTitle "EXT 2024"]
[Source "ChessBase"]
[SourceDate "2023.10.10"]
[SourceVersion "1"]
[SourceVersionDate "2023.10.10"]
[SourceQuality "1"]
[WhiteTeam "Turkey"]
[BlackTeam "Iran"]
[WhiteTeamCountry "TUR"]
[BlackTeamCountry "IRI"]

1. e4 e5 2. Nf3 Nc6 3. Nc3 Nf6 4. a3 d5 5. exd5 Nxd5 6. Bb5 Nxc3 7. bxc3 Bd6 8. d4 exd4 9. cxd4 0-0 10. 0-0 Bg4 11. c3 Qf6 12. Be2 h6 13. Be3 Rfe8 14. Qd2 Ne7 15. h3 Bh5 16. Rfe1 Nd5 17. Ne5 Bxe2 18. Rxe2 Bxe5 19. dxe5 Rxe5 20. Bd4 Rxe2 21. Qxe2 Qc6 22. Rc1 Nf6 23. Qd3 Rd8 24. Qf5 Rxd4 25. Rb1 Rd8 26. c4 b6 27. Rc1 Qe6 28. Qf4 Qd6 29. Qe3 Qd2 30. Qxd2 Rxd2 31. c5 Rd5 32. cxb6 cxb6 33. Rc8+ Kh7 34. Rc7 Ra5 35. Rxf7 Rxa3 36. Rb7 Nd5 37. f3 Nc3 38. Kh2 b5 39. f4 a5 40. f5 Kg8 41. g4 b4 42. h4 b3 43. g5 hxg5 44. hxg5 Kf8 45. g6 Ra2+ 46. Kh3 b2 47. f6 b1Q 48. Rf7+ Ke8 49. fxg7 Qxg6 50. Rf8+ Ke7 51. g8Q Qh6+ 52. Kg3 Qxf8 53. Qg5+ Qf6 54. Qe3+ Kf7 55. Qa7+ Kg6 56. Qe3 Ne2+ 57. Kh3 Qf5+ 58. Kh2 Qf4+ 59. Qxf4 Nxf4+ 60. Kg3 a4 61. Kxf4 a3 62. Ke4 Rb2 63. Kd4 a2 64. Kc3 a1Q 65. Kd3 Rb4 66. Ke3 Qa3+ 67. Ke2 Rb2+ 68. Ke1 Qa1# 0-1

[Event "TUR-ch U07/12 Girls"]
[Site "Antalya"]
[Date "2023.01.28"]
[Round "9"]
[White "Tumer, Eylul"]
[Black "Aydogan, Arya"]
[Result "0-1"]
[WhiteElo "1110"]
[BlackElo "1547"]
[PlyCount "96"]
[EventDate "2023.01.17"]
[EventType "swiss"]
[EventRounds "9"]
[EventCountry "TUR"]
[SourceTitle "EXT 2024"]
[Source "ChessBase"]
[SourceDate "2023.10.10"]
[SourceVersion "1"]
[SourceVersionDate "2023.10.10"]
[SourceQuality "1"]

1. e4 e5 2. Nc3 Nf6 3. Bc4 Nxe4 4. Qh5 Nd6 5. Qxe5+ Qe7 6. Qxe7+ Bxe7 7. Bb3 Nf5 8. Nf3 c6 9. d4 d5 10. 0-0 Be6 11. Bd2 Nd7 12. Ne2 0-0 13. Nf4 Bf6 14. c3 Rfe8 15. Rfe1 Nf8 16. Re2 Bd7 17. Rae1 Ne6 18. Bc2 Nd6 19. b3 g6 20. Ne5 Bc8 21. h3 Ng7 22. g4 Be6 23. f3 Bh4 24. Rf1 f6 25. Ned3 Bg5 26. Nxe6 Bxd2 27. Rxd2 Rxe6 28. Re1 Nb5 29. Rxe6 Nxe6 30. c4 Nbxd4 31. Kg2 dxc4 32. bxc4 Nxc2 33. Rxc2 Rd8 34. Nf2 b6 35. Ne4 Kf7 36. c5 b5 37. Nd6+ Ke7 38. Kg3 a6 39. f4 Nxc5 40. Nf5+ gxf5 41. Rxc5 Rc8 42. gxf5 Kd6 43. Rc2 c5 44. Kf3 c4 45. Ke4 Kc5 46. h4 Re8+ 47. Kf3 b4 48. h5 c3 0-1

[Event "TUR-ch U07/12 Girls"]
[Site "Antalya"]
[Date "2023.01.25"]
[Round "6"]
[White "Aydogan, Arya"]
[Black "Kalyoncu, Beren"]
[Result "1/2-1/2"]
[WhiteElo "1547"]
[BlackElo "1355"]
[PlyCount "85"]
[EventDate "2023.01.17"]
[EventType "swiss"]
[EventRounds "9"]
[EventCountry "TUR"]
[SourceTitle "EXT 2024"]
[Source "ChessBase"]
[SourceDate "2023.10.10"]
[SourceVersion "1"]
[SourceVersionDate "2023.10.10"]
[SourceQuality "1"]

1. e4 c5 2. Nf3 d6 3. Bb5+ Bd7 4. Bxd7+ Qxd7 5. 0-0 Nc6 6. Re1 Nf6 7. c3 e6 8. d4 cxd4 9. cxd4 d5 10. e5 Ne4 11. Nbd2 Nxd2 12. Bxd2 Bb4 13. Rc1 Bxd2 14. Qxd2 h6 15. Rc2 0-0 16. Rec1 Rfc8 17. Ne1 Ne7 18. b3 b6 19. Nd3 Rxc2 20. Rxc2 Rc8 21. Qc1 Rxc2 22. Qxc2 Qc6 23. Nb4 Qxc2 24. Nxc2 f6 25. f4 Kf7 26. Kf2 Nc6 27. Ke3 Ke7 28. g3 b5 29. b4 Kf7 30. a3 g5 31. exf6 Kxf6 32. Ne1 Kf5 33. h3 gxf4+ 34. gxf4 a5 35. Nd3 axb4 36. Nxb4 Na5 37. Kf3 Nc4 38. Nc2 Nd2+ 39. Ke3 Nc4+ 40. Kf3 Nd2+ 41. Ke3 Nc4+ 42. Kf3 Kg6 43. Kg4 1/2-1/2

[Event "Wch U12 Girls"]
[Site "Batumi"]
[Date "2022.09.26"]
[Round "10"]
[White "Haasova, Timea"]
[Black "Aydogan, Arya"]
[Result "1-0"]
[WhiteElo "1707"]
[BlackElo "1489"]
[PlyCount "145"]
[EventDate "2022.09.16"]
[EventType "swiss"]
[EventRounds "11"]
[EventCountry "GEO"]
[SourceTitle "EXT 2023"]
[Source "ChessBase"]
[SourceDate "2022.10.05"]
[SourceVersion "1"]
[SourceVersionDate "2022.10.05"]
[SourceQuality "1"]

1. d4 d5 2. Nf3 Nf6 3. e3 Bf5 4. Bd3 Bxd3 5. Qxd3 c6 6. Nbd2 e6 7. 0-0 Bd6 8. e4 dxe4 9. Nxe4 Nxe4 10. Qxe4 Nd7 11. c3 Nf6 12. Qe2 h6 13. Ne5 0-0 14. Bf4 Qe7 15. Rfe1 Rfd8 16. Rad1 Rac8 17. Bg3 c5 18. dxc5 Bxc5 19. Bh4 g5 20. Bg3 Rxd1 21. Rxd1 Rd8 22. h3 Nd5 23. Qh5 Bb6 24. Qxh6 Qf6 25. Qxf6 Nxf6 26. Rxd8+ Bxd8 27. Nc4 Ne4 28. Bb8 a6 29. Kf1 b5 30. Ne3 Bb6 31. Ke2 f5 32. f3 Nc5 33. g3 Kf7 34. Be5 Nd7 35. Bd4 Bc7 36. g4 f4 37. Ng2 e5 38. Bf2 Ke6 39. h4 gxh4 40. Nxh4 Nf6 41. Nf5 e4 42. fxe4 Nxg4 43. Bg1 Ne5 44. Nd4+ Kd7 45. Nf3 Nc4 46. b3 Nd6 47. Kd3 Nf7 48. Bd4 Ke6 49. c4 bxc4+ 50. bxc4 Bd8 51. Ba7 Bf6 52. Bb8 Ng5 53. Nxg5+ Bxg5 54. Ke2 Kd7 55. Kf3 Kc6 56. Bxf4 Be7 57. Be3 Bd6 58. Kg4 Be5 59. Kf5 Bc3 60. e5 Kd7 61. Kf6 Bb2 62. Bf4 Kc6 63. Be3 Kd7 64. Kf5 Ba3 65. Bd4 Ke7 66. c5 Bb4 67. c6 Ba5 68. Bc5+ Kd8 69. Bd6 Bb6 70. e6 Ba5 71. c7+ Kc8 72. e7 Kd7 73. e8Q+ 1-0

[Event "Wch U12 Girls"]
[Site "Batumi"]
[Date "2022.09.21"]
[Round "6"]
[White "Shubhi, Gupta"]
[Black "Aydogan, Arya"]
[Result "1-0"]
[WhiteElo "1733"]
[BlackElo "1489"]
[PlyCount "81"]
[EventDate "2022.09.16"]
[EventType "swiss"]
[EventRounds "11"]
[EventCountry "GEO"]
[SourceTitle "EXT 2023"]
[Source "ChessBase"]
[SourceDate "2022.10.05"]
[SourceVersion "1"]
[SourceVersionDate "2022.10.05"]
[SourceQuality "1"]

1. d4 d5 2. Nc3 Bf5 3. Bf4 Nf6 4. e3 e6 5. f3 Bd6 6. g4 Bxf4 7. exf4 Bg6 8. Qe2 Qe7 9. 0-0-0 Nbd7 10. Re1 h6 11. h4 0-0-0 12. f5 Bh7 13. g5 Nh5 14. g6 Ng3 15. Qh2 Nxf1 16. Nxd5 exd5 17. Rxe7 Nxh2 18. gxh7 Nf1 19. Ne2 Rde8 20. Rxe8+ Rxe8 21. Rxf1 Nf6 22. Nf4 Nxh7 23. Rg1 g5 24. fxg6 fxg6 25. Rxg6 c6 26. Rxh6 Rf8 27. Ng6 Rf7 28. Ne5 Rg7 29. f4 Kc7 30. f5 Rg1+ 31. Kd2 Rg2+ 32. Kd3 Nf8 33. Rh8 Rg3+ 34. Ke2 Nd7 35. Rh7 Rg2+ 36. Kf3 Rxc2 37. Rxd7+ Kb6 38. f6 Rxb2 39. f7 Rb1 40. Kf4 Rf1+ 41. Nf3 1-0

[Event "EU-chT U12 Girls"]
[Site "Thessaloniki"]
[Date "2022.07.15"]
[Round "4.1"]
[White "Aydogan, Arya"]
[Black "Aldea, Maria Antonia"]
[Result "0-1"]
[WhiteElo "1460"]
[BlackElo "1655"]
[PlyCount "126"]
[EventDate "2022.07.12"]
[EventType "team-tourn"]
[EventRounds "7"]
[EventCountry "GRE"]
[SourceTitle "EXT 2023"]
[Source "ChessBase"]
[SourceDate "2022.10.05"]
[SourceVersion "1"]
[SourceVersionDate "2022.10.05"]
[SourceQuality "1"]
[WhiteTeam "Turkey U12"]
[BlackTeam "Romania U12"]
[WhiteTeamCountry "TUR"]
[BlackTeamCountry "ROU"]

1. e4 c5 2. Nf3 e6 3. c3 d5 4. exd5 Qxd5 5. d4 Nf6 6. Na3 Nc6 7. Be3 cxd4 8. Nb5 Qd8 9. Nbxd4 Be7 10. Bd3 0-0 11. Nxc6 bxc6 12. 0-0 Qc7 13. Qc2 c5 14. Nd2 h6 15. h3 Bb7 16. c4 Rfd8 17. Rad1 Kh8 18. Ne4 Qc6 19. f3 Nh5 20. Qf2 Rac8 21. g4 Nf6 22. Nxf6 Bxf6 23. Be4 Qa6 24. Bxb7 Qxb7 25. b3 Qc7 26. Kg2 Qa5 27. Qc2 Bd4 28. Bf2 Rd7 29. Rd3 Rcd8 30. Rfd1 e5 31. Qd2 Qxd2 32. R3xd2 g5 33. Bg3 f6 34. Bf2 Kg7 35. Bg1 Kg6 36. Bh2 Rb7 37. Bg1 Kf7 38. Rd3 Rdb8 39. Bf2 a5 40. Rb1 a4 41. Be1 Kg6 42. Bd2 f5 43. gxf5+ Kxf5 44. Be1 h5 45. Bd2 Rg8 46. Rf1 axb3 47. Rxb3 Ra7 48. a3 Rga8 49. Bc1 Ra4 50. Rb7 Rg8 51. Kh1 Rxc4 52. Bd2 Rc2 53. Rd1 c4 54. Rc7 c3 55. Bc1 Rb8 56. Rg7 Rb1 57. Rxg5+ Kf6 58. Rxh5 Rbxc1 59. Rxc1 Rxc1+ 60. Kg2 Rg1+ 61. Kh2 c2 62. Rh6+ Kg7 63. Rc6 c1Q 0-1

[Event "Wch U12 Girls rapid"]
[Site "Rhodes"]
[Date "2022.05.02"]
[Round "7"]
[White "Aydogan, Arya"]
[Black "Hnatyshyn, Anastasiya"]
[Result "0-1"]
[WhiteElo "1409"]
[BlackElo "1889"]
[PlyCount "102"]
[EventDate "2022.05.01"]
[EventType "swiss (rapid)"]
[EventRounds "9"]
[EventCountry "GRE"]
[SourceTitle "CBM 208 Extra"]
[Source "ChessBase"]
[SourceDate "2022.07.31"]
[SourceVersion "1"]
[SourceVersionDate "2022.07.31"]
[SourceQuality "1"]

1. e4 c5 2. Nf3 Nc6 3. Bb5 g6 4. 0-0 Bg7 5. c3 Nf6 6. Re1 0-0 7. d4 d5 8. e5 Ne4 9. Nbd2 Bf5 10. Nh4 Nxd2 11. Nxf5 gxf5 12. Bxd2 cxd4 13. Bxc6 dxc3 14. Bxb7 cxd2 15. Qxd2 Rb8 16. Qxd5 Qb6 17. Bc6 e6 18. Qf3 Qxb2 19. Qf4 Rfc8 20. Bf3 Rc2 21. Bh5 h6 22. h3 Rb4 23. Qe3 Qd4 24. Qxd4 Rxd4 25. Red1 Bxe5 26. Rxd4 Bxd4 27. Rd1 e5 28. a4 Bxf2+ 29. Kf1 Bd4 30. Rb1 Rf2+ 31. Ke1 Rxg2 32. Rb8+ Kg7 33. Rb7 Rg1+ 34. Ke2 Kf6 35. Rxf7+ Kg5 36. Bf3 Kf4 37. Bd5 e4 38. Be6 Rg2+ 39. Kf1 Rg5 40. h4 Rh5 41. Rd7 Ke5 42. Bf7 Rxh4 43. Rb7 Kf4 44. Be6 Kf3 45. Ke1 f4 46. Kd2 Rh2+ 47. Kd1 e3 48. Bd5+ Kf2 49. Bc4 f3 50. Re7 Rh1+ 51. Kc2 e2 0-1

[Event "TUR-ch (Women)"]
[Site "Ayvalik"]
[Date "2022.03.09"]
[Round "6"]
[White "Aydogan, Arya"]
[Black "Sahin, Cagla Yudum"]
[Result "1/2-1/2"]
[WhiteElo "1308"]
[BlackElo "1171"]
[PlyCount "74"]
[EventDate "2022.03.05"]
[EventType "swiss"]
[EventRounds "9"]
[EventCountry "TUR"]
[SourceTitle "EXT 2023"]
[Source "ChessBase"]
[SourceDate "2022.10.05"]
[SourceVersion "1"]
[SourceVersionDate "2022.10.05"]
[SourceQuality "1"]

1. e4 e5 2. Nf3 Nc6 3. Nc3 Nf6 4. Bb5 Nd4 5. Bc4 Bc5 6. d3 d6 7. h3 c6 8. a4 0-0 9. 0-0 h6 10. Ba2 Be6 11. Be3 Qb6 12. Rb1 a5 13. Bxe6 Nxe6 14. Bxc5 Qxc5 15. Re1 Nh5 16. Qd2 Nhf4 17. Qe3 Rfe8 18. Kh2 Rad8 19. g3 Ng6 20. h4 Nd4 21. Rbc1 Re6 22. Nd1 Qb4 23. Nxd4 exd4 24. Qe2 Qxa4 25. f4 Ree8 26. b3 Qb5 27. Nf2 Ne7 28. Qf3 Qb4 29. g4 Qc3 30. g5 Kh7 31. f5 Qc5 32. Rg1 Qe5+ 33. Kg2 Rh8 34. Ng4 Qc5 35. Qf4 h5 36. Nf2 Qe5 37. Qf3 g6 1/2-1/2